000 00561cam a2200217ua 4500
001 7593
005 20260515114232.0
008 141217n ii |||gr||||Z||||||ben
020 _a8177563114
040 _cMAIN
041 _aben
082 _a891.4403
100 _aBhattacharya, S.,
_eEditor.
245 1 _aAadhunik bangla prayug abhidhan
_cEdited by Subhash Bhattacharya
250 _a1st.
260 _aCalcutta:
_bAnanda,
_c2003.
300 _a359p.
653 _aEast Indo-European & Celtic literatures
653 _aBengali dictionary
942 _cBK
999 _c6710
_d6710